AULTON'S PHARMACEUTICS THE DESIGN AND MENUFACTURE OF MEDICINE (Record no. 8143)

MARC details
000 -LEADER
fixed length control field 00499nam a22001817a 4500
005 - DATE AND TIME OF LATEST TRANSACTION
control field 20230110161523.0
008 - FIXED-LENGTH DATA ELEMENTS--GENERAL INFORMATION
fixed length control field 221220b |||||||| |||| 00| 0 eng d
020 ## - INTERNATIONAL STANDARD BOOK NUMBER
ISBN 978-81312-6225-2
041 ## - LANGUAGE CODE
Language code of text/sound track or separate title eng
082 ## - DEWEY DECIMAL CLASSIFICATION NUMBER
Classification number 615.1 AUL-A
100 ## - MAIN ENTRY--AUTHOR NAME
Personal name AULTON , MICHAELE ., TYLOR , KEVIN M. G
245 ## - TITLE STATEMENT
Title AULTON'S PHARMACEUTICS THE DESIGN AND MENUFACTURE OF MEDICINE
250 ## - EDITION STATEMENT
Edition statement 5th ed.
260 ## - PUBLICATION, DISTRIBUTION, ETC. (IMPRINT)
Name of publisher ELSEVIER
Year of publication 2020
300 ## - PHYSICAL DESCRIPTION
Number of Pages 918;P.
650 ## - SUBJECT ADDED ENTRY--TOPICAL TERM
Topical Term PHARMACY
General subdivision B.PHARMA
942 ## - ADDED ENTRY ELEMENTS (KOHA)
Koha item type Books
Holdings
Lost status Damaged status Collection code Home library Current library Shelving location Date acquired Source of acquisition Cost, normal purchase price Full call number Accession Number Koha item type
    PHARMACY JRU Library JRU Library SHELF-3-B 10/11/2022 LOHIA BOOK INTERNATIONAL 3014.00 615.1-AUL-A 27137 Books
    PHARMACY JRU Library JRU Library Shelf - 23- A 10/11/2022 LOHIA BOOK INTERNATIONAL 3014.00 615.1-AUL-A 27138 Books
    PHARMACY JRU Library JRU Library Shelf - 23- A 10/11/2022 LOHIA BOOK INTERNATIONAL 3014.00 615.1-AUL-A 27139 Books